000 00642nam a2200217 i 4500
001 101438
003 ES-MaACL
005 20250717094522.0
007 t|
008 051018s1909 fr ||||1| fre d
100 1 _aMaygrier, Charles.
_979374
245 1 0 _aPrécis d'obstétrique /
_cpar M M. Charles Maygrier et A. Schwaab.
260 _aEvreux (Paris) :
_b[s.n.],
_c1909 (
_fHérissey)
300 _a1324 p. ;
_c18 cm.
490 1 _aCollection Testut
650 7 _aObstetricia
_2embne
_915676
700 1 _aSchwaab, Albert.
_9104843
830 0 _aCollection Testut
_9181022
852 _aES-MaACL
_jF-2600
999 _c101438
_d101438